Sousední státy Bulharska - Statistics

General Stats
  • This quiz has been taken 16 times
  • The average score is 5 of 5
Answer Stats
Answer % Correct
Rumunsko
100%
Severní Makedonie
100%
Řecko
93%
Srbsko
87%
Turecko
80%
No matching quizzes found
Score Distribution
Percent of People with Each Score
Percentile by Number Answered
Your Score History
You have not taken this quiz